vaisseaux star wars - Statistiques

Statistiques générales
  • Ce quiz a été pris 22 fois
  • Le résultat moyen est 11 sur 20
Statistiques - réponses
Par images Réponse % Correct
faucon millenium
100%
x wing
100%
a wing
91%
chasseur tie
91%
y wing
91%
bombardier tie
82%
ghost
73%
intercepteur tie
73%
u wing
64%
venator
64%
arc 170
45%
défenseur tie
36%
chasseur vautour
27%
navette de classe sentinelle
27%
intercepteur v19
18%
suprematie
18%
tantive 4
18%
tri chasseur droide
18%
twilight
18%
opresseur tie
9%
Aucun quiz correspondant
Distribution des résultats
% des personnes avec chaque résultat
Percentile par nombre de réponses
Votre historique - résultats
Vous n’avez pas pris ce quiz